000 00505nam a2200193 a 4500
001 1766480581153
003 YourLibrary
005 20251226120326.0
008 251223s1995##################000#0#eng##
020 _a9780820428321
082 0 4 _a261.243
_bBOW
100 1 _aBowers, Russell H.,
_eauthor.
245 1 0 _aSomeone Or Nothing? :
260 _bPeter Lang Pub Incorporated,
_c1995.
300 _a251 pages
650 0 _aReligion.
942 _cENGLISH
040 _aYourLibrary
_beng
_cYourLibrary
999 _c605102
_d605102